<?xml version="1.0" encoding="UTF-8"?>
<collection xmlns="http://www.loc.gov/MARC21/slim">
 <record>
  <leader>00862nam0a2200241   4500</leader>
  <controlfield tag="001">in00000003038</controlfield>
  <controlfield tag="005">20230112173107.6</controlfield>
  <datafield tag="010" ind1=" " ind2=" ">
   <subfield code="a">978-7-209-04106-5</subfield>
   <subfield code="d">CNY48.00</subfield>
  </datafield>
  <datafield tag="035" ind1=" " ind2=" ">
   <subfield code="a">012008369126</subfield>
  </datafield>
  <datafield tag="100" ind1=" " ind2=" ">
   <subfield code="a">20071024e20052006em y0chiy0110    ea</subfield>
  </datafield>
  <datafield tag="101" ind1="1" ind2=" ">
   <subfield code="a">chi</subfield>
   <subfield code="c">jpn</subfield>
  </datafield>
  <datafield tag="102" ind1=" " ind2=" ">
   <subfield code="a">CN</subfield>
   <subfield code="b">370000</subfield>
  </datafield>
  <datafield tag="105" ind1=" " ind2=" ">
   <subfield code="a">a   z   000yy</subfield>
  </datafield>
  <datafield tag="106" ind1=" " ind2=" ">
   <subfield code="a">r</subfield>
  </datafield>
  <datafield tag="200" ind1="1" ind2=" ">
   <subfield code="a">设计中的设计</subfield>
   <subfield code="9">she ji zhong de she ji</subfield>
   <subfield code="f">(日)原研哉著</subfield>
  </datafield>
  <datafield tag="210" ind1=" " ind2=" ">
   <subfield code="a">济南</subfield>
   <subfield code="c">山东人民出版社</subfield>
   <subfield code="d">2006</subfield>
   <subfield code="h">2007重印</subfield>
  </datafield>
  <datafield tag="215" ind1=" " ind2=" ">
   <subfield code="a">212页</subfield>
   <subfield code="c">图</subfield>
   <subfield code="d">23cm</subfield>
  </datafield>
  <datafield tag="330" ind1=" " ind2=" ">
   <subfield code="a">本书探讨了设计到底是什么、21世纪的日常用品再设计、信息建筑的思维方式、设计的方向等问题。</subfield>
  </datafield>
  <datafield tag="510" ind1="1" ind2=" ">
   <subfield code="a">Design of Design</subfield>
   <subfield code="z">eng</subfield>
  </datafield>
  <datafield tag="606" ind1="0" ind2=" ">
   <subfield code="a">设计学</subfield>
  </datafield>
  <datafield tag="690" ind1=" " ind2=" ">
   <subfield code="a">TB47</subfield>
   <subfield code="v">4</subfield>
  </datafield>
  <datafield tag="701" ind1=" " ind2="0">
   <subfield code="c">(日)</subfield>
   <subfield code="a">原研哉</subfield>
   <subfield code="9">yuan yan zai</subfield>
   <subfield code="4">著</subfield>
  </datafield>
  <datafield tag="999" ind1="f" ind2="f">
   <subfield code="s">8688a6d7-5f56-47f3-950d-5b8ee32bc8fe</subfield>
   <subfield code="i">17ea55ac-7e38-4c04-b005-e677dce07276</subfield>
  </datafield>
 </record>
</collection>
